000 00348nam a2200133Ia 4500
008 151001s9999||||xx |||||||||||||| ||und||
100 _aयु म पठाण
245 _aनंदादीप
250 _a1
260 _bयोगिता प्रकाशन पुणे
260 _c2000
300 _a143
365 _b21
999 _c977229
_d977226